Sillabe concatenanti #4 - Statistics

Statistiche generali
  • Questo quiz è stato fatto 57 volte
  • Il punteggio medio è 16 su 20
Statistiche sulle risposte
Quesito Soluzione % Corretto
Le mostruose creature giganti con un solo occhio in mezzo alla fronte Ciclopi
100%
Il quarto giorno della settimana Giovedì
100%
Lo si indossa per andare a letto Pigiama
100%
Vi si trova la Mole Antonelliana Torino
100%
Il Leonardo genio del Rinascimento italiano Da Vinci
98%
La scienza che studia i numeri Matematica
98%
Uso temporaneo di un veicolo Noleggio
96%
Si fa 'rasa' quando si riparte da zero Tabula
94%
Vita notturna animata, tipica delle grandi città Movida
84%
La capitale del Texas Austin
78%
Il dono in Francia Cadeau
78%
Nome di una specie estinta che significa 'lucertola terribile' Dinosauro
78%
Uno strappo nella pelle Lacerazione
75%
Nube interstellare costituita di gas e polveri Nebulosa
71%
Gustoso Saporito
69%
La 'Potëmkin' era odiata da Fantozzi! Corazzata
67%
Il superlativo di 'piccolo' Minimo
65%
Atto pubblico redatto da un notaio Rogito
61%
Quello 'di santo' indica una persona molto virtuosa Stinco
61%
Libri, volumi Tomi
59%
Nessun quiz corrispondente trovato
Distribuzione punteggi
Percentuale di utenti per punteggio
Percentile per numero di risposta
I tuoi punteggi nel tempo
Non hai fatto questo quiz